Normal view
MARC view
- Kruse, Max,
Entry Nombre Personal
001 - NUMERO DE CONTROL
- campo de control: 35550
003 - IDENTIFICADOR DE NUMERO DE CONTROL
- campo de control: UPN
005 - FECHA Y HORA DE LA ÜLTIMA TRANSACCIÓN
- campo de control: 20210219194504.0
008 - DATOS DE LONGITUD FIJA
- campo de control de longitud fija: nabaccnnaabn|||||||||| b |nc|||||d
035 ## - NUMERO DE CONTROL
- Número de control: UPN11000007657
040 ## - FUENTE DE CATALOGACIÓN
- Lenguaje de catalogación: SPA
- Agencia de transcripción: UPN
053 #4 - NÚMERO DE CLASIFICACIÓN LC
- Número de clasificación elemento-número único o número inicial de tramo: PT2671 R8.7
100 1# - ENCABEZAMIENTO - NOMBRE PERSONAL
- Nombre personal: Kruse, Max,
- Fechas asociadas con el nombre: 1921-
670 ## - FUENTE EN LA QUE SE LOCALIZARON DATOS
- Cita de la fuente: LC
680 ## - NOTA PUBLICA DE ACCESO PÚBLICO
- Frase explicativa de la referencia: Escritor alemán de literatura juvenil e infantil
902 ## - CATALOGADOR
- Catalogador: CAA/060814
